|
|
|
|
| LEADER |
00000nam2a2200000 4500 |
| 001 |
230637 |
| 005 |
20231101231022.0 |
| 035 |
|
|
|a (RuTPU)RU\TPU\book\251541
|
| 035 |
|
|
|a RU\TPU\book\251285
|
| 090 |
|
|
|a 230637
|
| 100 |
|
|
|a 20130123d1946 k y0rusy50 ca
|
| 101 |
1 |
|
|a rus
|c ger
|
| 102 |
|
|
|a RU
|
| 105 |
|
|
|a a z 001zy
|
| 200 |
0 |
|
|a Ч. 1: Физико-химические основы
|
| 210 |
|
|
|d 1946
|
| 215 |
|
|
|a 435 с.
|c ил.
|
| 317 |
|
|
|5 63413507: КР-387
|a Поступила в НТБ в 2004 г. в составе книжного собрания профессора ТПИ К. В. Радугина.
|
| 320 |
|
|
|a Указатели: с. 420-432.
|
| 330 |
|
|
|a Книга П. Ниггли представляет собой сводку огромного экспериментального материала по физико-химическому изучению магматических систем. В ней освещаются явления кристаллизации из простых и сложных расплавов, пути кристаллизации остаточной жидкости, а также последовательность выделения и зависимость между характером кристаллизации и строением возникающих кристаллических образований. Большое место в книге отводится вопросам гетерогенного равновесия, критическим явлениям, имеющим место в насыщенных растворах, влиянию легколетучих компонентов на структуру и текстуру продуктов кристаллизации и т. д. Книга предназначена для минералогов, петрографов, геохимиков в физико-химиков, а также для студентов старших курсов минералого-петрографической специальности.
|
| 461 |
|
1 |
|0 (RuTPU)RU\TPU\book\252903
|t Магма и ее продукты
|o пер. с нем.
|f П. Ниггли
|v Ч. 1: Физико-химические основы
|d 1946
|
| 606 |
1 |
|
|a Магма
|2 stltpush
|3 (RuTPU)RU\TPU\subj\72159
|9 85735
|
| 610 |
1 |
|
|a физико-химические основы
|
| 610 |
1 |
|
|a магма
|
| 610 |
1 |
|
|a продукты
|
| 610 |
1 |
|
|a магматические системы
|
| 610 |
1 |
|
|a гетерогенное равновесие
|
| 610 |
1 |
|
|a критические явления
|
| 610 |
1 |
|
|a насыщенные растворы
|
| 610 |
1 |
|
|a гомогенное равновесие
|
| 610 |
1 |
|
|a владельческая надпись
|
| 610 |
1 |
|
|a библиотека К. В. Радугина
|
| 675 |
|
|
|a 552.11
|v 3
|
| 801 |
|
1 |
|a RU
|b 63413507
|c 20130122
|
| 801 |
|
2 |
|a RU
|b 63413507
|c 20161229
|g RCR
|
| 942 |
|
|
|c BK
|